| Поле | Инд. | ПП | Название | Значение |
|---|---|---|---|---|
| Тип записи | a | |||
| Библиографический уровень | m | |||
| 001 | Контрольный номер | 120164905 | ||
| 005 | Дата корректировки | 20251126105427.8 | ||
| 020 | c | Цена, тираж | [б. ц.] | |
| 080 | a | Индекс УДК | 621.791.05(075.8) | |
| 090 | a | Полочн. индекс | 621.7 | |
| x | Авторский знак | Р 17 | ||
| 097 | b | Оператор | *Е* | |
| b | Оператор | *М* | ||
| 245 | 10 | a | Заглавие | Разрушающие методы контроля. Определение механических свойств сварных соединений |
| b | Продолж. заглавия | метод. указ. к выполнению лаб. работ по дисциплине "Контроль качества свар. соед." спец. 1201 специализации 120115 - Технология автоматизир. сбороч.-свароч. пр-ва | ||
| b | Продолж. заглавия | в составе учебно-методического комплекса | ||
| c | Ответственность | сост.: Р.А. Скорик, Л.Е. Афанасьева | ||
| c | Ответственность | Тверской гос. техн. ун-т, Каф. ТМиМ | ||
| 260 | a | Место издания | Тверь | |
| b | Издательство | ТвГТУ | ||
| c | Дата издания | 2001 | ||
| 300 | a | Объем | 8 с. | |
| b | Иллюстрации/ тип воспроизводства | ил. | ||
| 440 | _0 | a | Серия | УМК-М |
| 504 | a | Библиография | Библиогр. : с. 8 | |
| 515 | a | Прим. об особенностях нумерации | № 1313 | |
| 583 | a | Действие | Приписка : УМК | |
| 650 | 04 | a | Основная рубрика | Сварные соединения |
| x | Основная подрубрика | Методические указания | ||
| x | Основная подрубрика | Прочность | ||
| 653 | 0_ | a | Ключевые слова | Испытание сварных образцов |
| a | Ключевые слова | Металлографические исследования | ||
| a | Ключевые слова | Механические свойства сварных соединений | ||
| a | Ключевые слова | сварка | ||
| a | Ключевые слова | Сварные соединения | ||
| 655 | a | Жанр/ форма (устаревшее) | М | |
| 702 | a | Афанасьева Л.Е. | ||
| a | Скорик Р.А. | |||
| 773 | 18 | w | Контрольный № источника | 01a1df4bd1cf48d88811d2ddbbd96fc7 |
| w | Контрольный № источника | c195d6d7c61f4c4db42fdf139fe04a3e | ||
| 901 | t | Тип документа | m | |
| 905 | a | Дата создания записи | 05.06.02 | |
| c | Дата приписки | 24.11.25 | ||
| c | Дата приписки | 26.11.25 | ||
| 922 | c | Кафедра | Технология металлов и материаловедение | |
| 951 | i | EL-ТГТУ? | Да | |
| 952 | a | Тип литературы для КСУ ВШ | М1 | |
| 952 | e | Факультет | *МСФ* | |
| 990 | c | Приоритет заказа (DOS) | д | |
| h | N записи в КСУ для Б/У (DOS) | 29/2002 | ||
| f | Даты поступлений (DOS) | 18.04.02 | ||
| g | Размещение заказа (DOS) | РИО | ||
| j | Количество экземпляров (DOS) | 6 |